| 000 | 00448nam a2200193Ia 4500 | ||
|---|---|---|---|
| 005 | 20250423100205.0 | ||
| 008 | 250422s9999 xx 000 0 und d | ||
| 020 | _a13: 978-0-13-713335-2 | ||
| 050 | _aHB 172 .P53/ | ||
| 100 | _aRoberts S. Pindyck | ||
| 245 | 0 | _aMicro Economics | |
| 250 | _a7th ed. | ||
| 260 | _aNew Jersey | ||
| 260 | _bPearson Education Limited | ||
| 260 | _c2009 | ||
| 300 | _a736 p | ||
| 650 | _aMicro | ||
| 942 | _cBK | ||
| 999 |
_c32554 _d32554 |
||